Statistics for General Knowledge Quiz #121

Click here to take the quiz!

General Stats

  • This quiz has been taken 30,518 times
    (1,391 since last reset)
  • The average score is 14 of 20

Answer Stats

Question Answer % Correct
Ireland has three patron saints. Which one is the most well-known?Saint Patrick
95%
What is the world's most popular spreadsheet program?Microsoft Excel
92%
C is Celsius. F is Fahrenheit. What is K?Kelvin
89%
What dinosaur's name is derived from the Greek for "three-horned face"?Triceratops
87%
If I need to raise shekels to win election to the Knesset, which country am I in?Israel
82%
What word, starting with C, means "a group of witches"?Coven
75%
What commonly-used number starts and ends with the letter N?Nineteen
75%
What French wrestler was nearly 7 feet tall, weighed 500 pounds, and could
drink 100 beers in a sitting?
André the Giant
73%
What company's address is 1 Infinite Loop, Cupertino, California?Apple
70%
What Roald Dahl story was about a genius girl with telekinesis?Matilda
67%
What animal has suffered from colony collapse disorder?Bees
66%
What are outlawed in the novel "Fahrenheit 451"?Books
66%
Who was the leader of the Medellin drug cartel in the 1980s?Pablo Escobar
65%
In math what does this symbol stand for: ∑?Summation
65%
Whose fairy tale, "The Snow Queen", was the inspiration for the movie "Frozen"?Hans Christian
Andersen
61%
In what city would you find the original Peninsula and Mandarin hotels?Hong Kong
58%
What wife of an Asian dictator famously owned more than 1,000 pairs of shoes?Imelda Marcos
56%
What city's former mayor, Rob Ford, admitted to smoking crack while in a drunken stupor?Toronto
55%
What are to the left of me in the song "Stuck in the Middle With You"?Clowns
50%
What is the only country whose name contains a double E?Greece
40%

Score Distribution

Percentile by Number Answered

Percent of People with Each Score

Your Score History

You have not taken this quiz since the last reset